Biology : the network of life

Bibliographic Details
Main Author: Mix, Michael C
Other Authors: Farber, Paul, King, Keith I
Format: Book
Published: New York : Harper Collins , 1992
Subjects:

MARC

LEADER 00000cam a2200000 7i4500
001 0000001510
002 000001656
005 20000330.0
020 |a 0673398692 
090 0 0 |a 574   |b MIX 
100 1 |a Mix, Michael C 
245 1 0 |a Biology :   |b the network of life   |c Michael C. Mix 
260 |a New York :   |b Harper Collins ,   |c 1992 
300 |a 800p. ;   |c 28cm. 
650 0 0 |a Biology 
700 1 |a Farber, Paul 
700 1 |a King, Keith I 
999 |a 034042   |b BUKU   |c PINJAMAN   |e PERPUSTAKAAN KOMUNITI PETALING JAYA